<?xml version="1.0" encoding="UTF-8"?>
<record
    xmlns:xsi="http://www.w3.org/2001/XMLSchema-instance"
    xsi:schemaLocation="http://www.loc.gov/MARC21/slim http://www.loc.gov/standards/marcxml/schema/MARC21slim.xsd"
    xmlns="http://www.loc.gov/MARC21/slim">

  <leader>02171nam a2200241 a 4500</leader>
  <controlfield tag="001">ASIN0415813204</controlfield>
  <controlfield tag="005">20170105102930.0</controlfield>
  <controlfield tag="008">140115s2013    xxu                 eng d</controlfield>
  <datafield tag="020" ind1=" " ind2=" ">
    <subfield code="a">0415813204 (hardcover)</subfield>
    <subfield code="c">$145.00</subfield>
  </datafield>
  <datafield tag="020" ind1=" " ind2=" ">
    <subfield code="a">9780415813204 (hardcover)</subfield>
  </datafield>
  <datafield tag="040" ind1=" " ind2=" ">
    <subfield code="a">0</subfield>
  </datafield>
  <datafield tag="050" ind1="0" ind2="4">
    <subfield code="a">JN6531</subfield>
  </datafield>
  <datafield tag="082" ind1="0" ind2="4">
    <subfield code="a">327.47</subfield>
    <subfield code="b">RUS 2013</subfield>
  </datafield>
  <datafield tag="245" ind1="1" ind2="0">
    <subfield code="a">Russia and the world :</subfield>
    <subfield code="b">the internal-external nexus /</subfield>
    <subfield code="c">Natasha Kuhrt.</subfield>
  </datafield>
  <datafield tag="260" ind1=" " ind2=" ">
    <subfield code="a">[S.l.] :</subfield>
    <subfield code="b">Routledge,</subfield>
    <subfield code="c">2013.</subfield>
  </datafield>
  <datafield tag="300" ind1=" " ind2=" ">
    <subfield code="a">248 p. ;</subfield>
    <subfield code="c">25 cm.</subfield>
  </datafield>
  <datafield tag="490" ind1="1" ind2=" ">
    <subfield code="a">Routledge europe-asia studies.</subfield>
  </datafield>
  <datafield tag="520" ind1=" " ind2=" ">
    <subfield code="a">This volume brings together analyses of key domestic, foreign and security policy issues during the Putin and Medvedev administrations. Indeed, the chapters demonstrate the extent to which domestic and foreign policy issues are inextricably linked, in particular in the domain of security, whether 'hard' or 'soft'. Internal debates regarding Russia's trajectory, including issues of national identity; economic modernisation, human rights and democracy, continue to be at the forefront of concern. Moreover, these debates are intimately connected to Russia's self-image and the image therefore, that it wishes to project in the wider world. The debates focus on Russia as 'energy superpower'; as one of the 'BRICS'; as an Eurasian landbridge, or a window on the Asia-Pacific. Such debates are a constant reminder of the uncertainty surrounding Russia's future path. This book expresses these uncertainties which range from the role of nuclear weapons and energy to critiques of Russia's approach to concepts such as sovereignty and self-determination; the fight against terrorism, insurgency, and the role of Islam within and without. Russia may have left the 'chaos' of the Yeltsin years behind but, as we move into 'Putin 3.0', the concerns of these chapters will remain critical both to Russia itself, and to Russia's relations with the wider world. This book was published as a special issue of Europe-Asia Studies .</subfield>
  </datafield>
  <datafield tag="700" ind1="1" ind2=" ">
    <subfield code="a">Kuhrt, Natasha.</subfield>
  </datafield>
  <datafield tag="830" ind1=" " ind2="0">
    <subfield code="a">Routledge europe-asia studies.</subfield>
  </datafield>
  <datafield tag="856" ind1="4" ind2="0">
    <subfield code="3">Amazon.com</subfield>
    <subfield code="u">http://www.amazon.com/exec/obidos/ASIN/0415813204/chopaconline-20</subfield>
  </datafield>
  <datafield tag="942" ind1=" " ind2=" ">
    <subfield code="2">ddc</subfield>
    <subfield code="c">BK</subfield>
  </datafield>
  <datafield tag="999" ind1=" " ind2=" ">
    <subfield code="c">16001</subfield>
    <subfield code="d">16001</subfield>
  </datafield>
  <datafield tag="952" ind1=" " ind2=" ">
    <subfield code="0">0</subfield>
    <subfield code="1">0</subfield>
    <subfield code="4">0</subfield>
    <subfield code="7">0</subfield>
    <subfield code="8">NFIC</subfield>
    <subfield code="a">CIPS</subfield>
    <subfield code="b">CIPS</subfield>
    <subfield code="c">GEN</subfield>
    <subfield code="d">2013-11-21</subfield>
    <subfield code="l">0</subfield>
    <subfield code="o">327.47 RUS 2013</subfield>
    <subfield code="p">CIPS0002493</subfield>
    <subfield code="r">2014-01-15</subfield>
    <subfield code="w">2014-01-15</subfield>
    <subfield code="y">BK</subfield>
  </datafield>
</record>
